000 00977cam a2200301 i 4500
003 EG-ScBUE
005 20260419115319.0
008 150816t1991 enka f d 001 0 eng d
020 _a069709765X
020 _a9780697097651
040 _aEG-ScBUE
_beng
_erda
_cEG-ScBUE
_dEG-ScBUE
082 0 4 _a551.46
_bDUX
_222
100 1 _aDuxbury, Alyn C.,
_eauthor.
245 1 3 _aAn introduction to the world's oceans /
_cAlyn C. Duxbury, Alison B. Duxbury.
250 _aThird edition.
264 1 _aDubuque :
_bWm. C. Brown Publishers,
_c[1991]
264 4 _cc1991
300 _axvii, 446 pages, [13] pages of plates :
_billustrations (some color) ;
_c29 cm
336 _2rdacontent
_atext
_btxt
337 _aunmediated
_2rdamedia
_bn
338 _avolume
_bnc
_2rdacarrier
500 _aIncludes index.
500 _aIncludes glossary.
650 7 _aOceanography.
_2BUEsh
655 _vReading book
700 1 _aDuxbury, Alison,
_eauthor.
942 _cBB
_2ddc
999 _c7313
_d7313